La doble esfera del reconocimiento Autogobierno, construccin̤ nacional y nacin̤ minoritaria /

Detalles Bibliográficos
Autor principal: Grau Callizo, Ignasi
Formato: eBook
Lenguaje:español
Publicado: Madrid: Dykinson, 2021
Materias:
Acceso en línea:Acceso restringido

MARC

LEADER 00000nam a22000007a 4500
005 20210819215928.0
007 cr|||| ||||
008 210819s2021 es |||||s|||| 00||0 spa d
020 |a 978-84-1377-584-5 
035 |a 35126 
040 |a vLex 
090 |c 12074  |d 12074 
100 1 |a Grau Callizo, Ignasi 
245 1 2 |a  La doble esfera del reconocimiento  |h [Recurso electrn̤ico] :  |b Autogobierno, construccin̤ nacional y nacin̤ minoritaria /  |c Ignasi Grau Callizo 
256 |a Servicio en ln̕ea 
260 |a Madrid:  |b Dykinson,  |c 2021 
300 |a 1 recurso electrn̤ico 
506 1 |a Disponible solo en los productos indicados  |d vLex Global  |d vLex Global (Academic Edition, excluding Law Schools)  |d vLex Global (U.S. Academic Edition, Law Schools)  |d vLex Global (U.S. Academic Edition, excluding Law Schools)  |d vLex Global (Academic Edition, Law Schools) 
650 0 4 |a Derecho Constitucional  |z Espaą 
740 0 |a vLex Libros (Servicio en ln̕ea) 
856 4 0 |u https://app.vlex.com/#/sources/35126  |z Acceso restringido 
942 |c BOOK 
999 0 |a Constitutional right